000 00812nam a2200229Ia 4500
003 GCL
008 140319s9999 xx 000 0 ara d
040 _aGCL /
_cGCL
082 0 4 _a323.11047
_bم م
100 1 _aمحمود ابوالعلا
245 1 0 _a"المسلمون فى الاتحاد السوفيتى ""سابقا"" دراسة اجتماعية, اقتصادية, سياسية" /
_cمحمود ابوالعلا
260 _a[S.N] :
_bمكتبة الانجلوالمصرية ،
_c1993
300 _a161 ص
490 _a
650 0 4 _aالاسلام
650 0 4 _aالاحوال الاجتماعية
650 0 4 _aالاتحاد السوفيتى
650 0 4 _aالاحوال السياسية
650 0 4 _aالاحوال الاقتصادية
650 0 4 _aالاقليات
942 _2ddc
_cBK
999 _c32436
_d32436